[Event "C.to Provinciale UD 2007"]
[Site "Udine ITA"]
[Date "2006.12.03"]
[Round "3"]
[White "Sialino, Roberto"]
[Black "Prenassi, Davide"]
[Result "0-1"]
[WhiteElo "1551"]
[BlackElo "1614"]
[PlyCount "84"]
[EventDate "2006.12.02"]

1. e4 e5 2. Nf3 Nc6 3. d4 exd4 4. Nxd4 d6 5. Nxc6 bxc6 6. Bc4 Nf6 7. O-O Be7 8.
Re1 O-O 9. Nc3 Be6 10. Bd3 Nd7 11. f4 f5 12. Qe2 d5 13. exf5 Bc5+ 14. Kh1 Bf7
15. Qf3 Qh4 16. Bd2 Bh5 17. Qf1 Nf6 18. g3 Qg4 19. Kg2 Bf7 20. Re5 Qh5 21. Be2
Qh6 22. g4 Nd7 23. Rd1 Nxe5 24. fxe5 Be3 25. Bxe3 Qxe3 26. Bd3 Qxe5 27. Re1 Qf6
28. Qf4 Qd6 29. Qd2 Rfe8 30. Rf1 d4 31. Ne4 Bd5 32. Kf3 c5 33. c4 Bc6 34. g5
Qe5 35. Qf4 Rad8 36. Qg4 Bxe4+ 37. Bxe4 d3 38. f6 g6 39. Ke3 Qd4+ 40. Kf3 d2
41. Kg3 Rxe4 42. f7+ Kf8 0-1

[Event "C.to Provinciale UD 2007"]
[Site "Udine ITA"]
[Date "2006.12.03"]
[Round "3"]
[White "Viola, Enrico"]
[Black "Venuti, Federico"]
[Result "1-0"]
[WhiteElo "1431"]
[BlackElo "1601"]
[PlyCount "65"]
[EventDate "2006.12.02"]

1. e4 e5 2. Nf3 d5 3. Nxe5 Bd6 4. d4 dxe4 5. Bf4 Nf6 6. Bc4 O-O 7. O-O Nc6 8.
Nxc6 bxc6 9. Bg3 Bg4 10. Qd2 Rb8 11. Bb3 Nh5 12. Nc3 Bf5 13. Rfe1 Nxg3 14. fxg3
Bb4 15. Qe3 Ba5 16. Kh1 Bg6 17. Rad1 Qd6 18. Rf1 Bxc3 19. bxc3 Rbd8 20. Rf4 c5
21. h4 cxd4 22. Rxd4 Qe5 23. Rxd8 Rxd8 24. Kg1 h5 25. g4 Rd1+ 26. Kf2 Qd6 27.
gxh5 Rd2+ 28. Kg3 Bxh5 29. Qxe4 Re2 30. Bxf7+ Kh8 31. Qa8+ Kh7 32. Qg8+ Kh6 33.
Qh8# 1-0

[Event "C.to Provinciale UD 2007"]
[Site "Udine ITA"]
[Date "2006.12.08"]
[Round "4"]
[White "Bizzoco, Vito"]
[Black "Orsatti, Marcello"]
[Result "1/2-1/2"]
[WhiteElo "1733"]
[BlackElo "1770"]
[PlyCount "122"]
[EventDate "2006.12.02"]

1. d4 d5 2. c4 e6 3. cxd5 exd5 4. Nc3 c6 5. Qc2 Nf6 6. Bg5 Be7 7. e3 O-O 8. Bd3
h6 9. Bh4 Re8 10. f3 Nh5 11. Bf2 Bg5 12. e4 Nf4 13. Bf1 dxe4 14. fxe4 Bf5 15.
g3 Nd5 16. Nge2 Nxc3 17. Nxc3 Qa5 18. Bg2 Na6 19. O-O Bg6 20. a3 Bf6 21. b4 Qd8
22. Rad1 Nc7 23. Qb3 Bh5 24. Rd3 g5 25. Re1 Bg6 26. Rd2 Bg7 27. d5 Bxc3 28.
Qxc3 cxd5 29. exd5 Rxe1+ 30. Bxe1 Nb5 31. Qe3 Qb6 32. Qxb6 axb6 33. d6 Rd8 34.
Bf2 Rxd6 35. Rxd6 Nxd6 36. Bxb6 Nc4 37. Bc5 b6 38. Bd5 bxc5 39. Bxc4 cxb4 40.
axb4 Be4 41. Kf2 Kf8 42. Ke3 f5 43. Kd4 Bb7 44. Ke5 Bc8 45. Bd3 f4 46. gxf4
gxf4 47. Kxf4 Bb7 48. Be4 Ba6 49. Bc6 Kg7 50. h4 Kg6 51. Be4+ Kh5 52. Kg3 Bb5
53. Bf3+ Kg6 54. Kf4 Kf6 55. Kg4 Kg7 56. Be4 Bd7+ 57. Kf4 Kf6 58. Bd3 Be8 59.
b5 Bxb5 60. Bxb5 Kg7 61. Kf5 h5 1/2-1/2

[Event "C.to Provinciale UD 2007"]
[Site "Udine ITA"]
[Date "2006.12.08"]
[Round "4"]
[White "Canciani, Sardo"]
[Black "Sialino, Roberto"]
[Result "0-1"]
[WhiteElo "1547"]
[BlackElo "1551"]
[PlyCount "104"]
[EventDate "2006.12.02"]

1. d4 Nf6 2. Bf4 e6 3. e3 d5 4. Nd2 Nbd7 5. c3 c6 6. Bd3 Be7 7. h3 O-O 8. Ngf3
Re8 9. O-O Nf8 10. Qc2 h6 11. Rfe1 N6h7 12. c4 Bg5 13. Bg3 f5 14. Nxg5 hxg5 15.
cxd5 cxd5 16. Rac1 Bd7 17. Qc7 Qxc7 18. Rxc7 Bc6 19. Nf3 Nd7 20. b4 a6 21. a3
Rf8 22. Ne5 Nxe5 23. Bxe5 Nf6 24. Re7 Rfe8 25. Rxe8+ Bxe8 26. Rc1 Bc6 27. f3
Kf7 28. Kf2 Nd7 29. Bg3 Nb6 30. Be5 g6 31. g4 Nd7 32. Bg3 Kf6 33. Kg2 e5 34.
gxf5 gxf5 35. h4 gxh4 36. Bxh4+ Ke6 37. Kf2 Rh8 38. Bg3 e4 39. fxe4 fxe4 40.
Be2 Nf6 41. Be5 Rf8 42. Ke1 Rg8 43. Kd2 Rg2 44. Bxf6 Bb5 45. Re1 Kxf6 46. Kd1
Bxe2+ 47. Rxe2 Rxe2 48. Kxe2 Kg5 49. a4 b5 50. a5 Kg4 51. Kf2 Kh3 52. Ke2 Kg2
0-1

[Event "C.to Provinciale UD 2007"]
[Site "Udine ITA"]
[Date "2006.12.08"]
[Round "4"]
[White "Cerretelli, Roberto"]
[Black "Paiaro, Solivano"]
[Result "1-0"]
[WhiteElo "1557"]
[BlackElo "1320"]
[PlyCount "95"]
[EventDate "2006.12.02"]

1. d4 d5 2. c4 c6 3. Nf3 Bg4 4. Ne5 Bf5 5. cxd5 Qxd5 6. Nc3 Qd8 7. e4 Be6 8. d5
cxd5 9. exd5 Bf5 10. Bb5+ Nd7 11. g4 f6 12. gxf5 fxe5 13. Qh5+ g6 14. fxg6 Ngf6
15. g7+ Nxh5 16. gxh8=Q Nhf6 17. Bh6 Kf7 18. Rg1 Bxh6 19. Qxd8 Rxd8 20. Bc4 Nc5
21. Rd1 a6 22. d6+ e6 23. b4 Nce4 24. Nxe4 Nxe4 25. d7 Ke7 26. Rg4 Nd6 27. Bd3
Rh8 28. Rh4 Bg5 29. Rxh7+ Rxh7 30. Bxh7 Kxd7 31. Rd3 Ke7 32. Rg3 Bf4 33. Rh3 b6
34. Bd3 a5 35. bxa5 bxa5 36. Rh7+ Kf6 37. h3 e4 38. Bc2 Ke5 39. Rh5+ Nf5 40.
Rh8 Nd4 41. Bb3 e3 42. fxe3 Bxe3 43. Rh5+ Ke4 44. Rxa5 Nf3+ 45. Kd1 e5 46. Bc2+
Kd4 47. Ra3 Nd2 48. Rd3+ 1-0

[Event "C.to Provinciale UD 2007"]
[Site "Udine ITA"]
[Date "2006.12.08"]
[Round "4"]
[White "Muzzolini, Claudio"]
[Black "Viola, Enrico"]
[Result "1-0"]
[WhiteElo "1772"]
[BlackElo "1431"]
[PlyCount "67"]
[EventDate "2006.12.02"]

1. Nf3 Nc6 2. d4 d5 3. e3 Nf6 4. c4 e6 5. Nc3 Bb4 6. a3 Bxc3+ 7. bxc3 Ne4 8.
Bb2 O-O 9. Bd3 f5 10. cxd5 exd5 11. Qc2 Be6 12. Nd2 Qg5 13. g3 Qh5 14. Be2 Qh3
15. Bf1 Qh5 16. Bg2 Na5 17. f3 Nxd2 18. Qxd2 Nb3 19. Qe2 Nxa1 20. Bxa1 Rac8 21.
O-O Rf6 22. c4 dxc4 23. d5 Bxd5 24. Bxf6 gxf6 25. Qb2 Qh6 26. Qd4 c6 27. e4
fxe4 28. fxe4 Bf7 29. Rxf6 Qc1+ 30. Bf1 Qxa3 31. Rxf7 Kxf7 32. Qd7+ Kg6 33.
Qf5+ Kh6 34. Qf6+ 1-0

[Event "C.to Provinciale UD 2007"]
[Site "Udine ITA"]
[Date "2006.12.08"]
[Round "4"]
[White "Prenassi, Davide"]
[Black "Menon, Michele"]
[Result "1-0"]
[WhiteElo "1614"]
[BlackElo "1684"]
[PlyCount "49"]
[EventDate "2006.12.02"]

1. d4 c5 2. d5 e5 3. dxe6 dxe6 4. Qxd8+ Kxd8 5. g3 Nc6 6. c3 Bd6 7. Nf3 h6 8.
Be3 Nf6 9. Na3 a6 10. Nc4 Be7 11. Nb6 Rb8 12. Bf4 g5 13. O-O-O+ Nd7 14. Bxb8
Ncxb8 15. Ne5 Rf8 16. Bg2 Kc7 17. Nxc8 Kxc8 18. Nxd7 Nxd7 19. Bxb7+ Kc7 20.
Bxa6 Ne5 21. Bb5 Bf6 22. f3 Rb8 23. a4 Bh8 24. h4 f5 25. hxg5 1-0

[Event "C.to Provinciale UD 2007"]
[Site "Udine ITA"]
[Date "2006.12.08"]
[Round "4"]
[White "Santacroce, Fidel"]
[Black "Di Tomaso, Fausto"]
[Result "1-0"]
[WhiteElo "1643"]
[BlackElo "1601"]
[PlyCount "61"]
[EventDate "2006.12.02"]

1. e4 c5 2. Nf3 Nc6 3. d4 cxd4 4. Nxd4 Nxd4 5. Qxd4 a6 6. Bc4 e6 7. O-O Qc7 8.
Nc3 b5 9. Bb3 Bb7 10. Rd1 Bc6 11. g3 f6 12. a4 b4 13. Na2 a5 14. h4 g6 15. Be3
Qb7 16. f3 Qc7 17. Kg2 h5 18. Rac1 e5 19. Qc4 O-O-O 20. c3 bxc3 21. Rxc3 Ne7
22. Bc2 Re8 23. b4 axb4 24. Nxb4 g5 25. hxg5 fxg5 26. Bxg5 Rg8 27. Bxe7 Bxe7
28. Nxc6 dxc6 29. Qa6+ Qb7 30. Rxc6+ Kb8 31. Rb1 1-0

[Event "C.to Provinciale UD 2007"]
[Site "Udine ITA"]
[Date "2006.12.08"]
[Round "4"]
[White "Venuti, Federico"]
[Black "Lagomarsino, Piero"]
[Result "1-0"]
[WhiteElo "1601"]
[BlackElo "1545"]
[PlyCount "83"]
[EventDate "2006.12.02"]

1. d4 Nf6 2. e3 g6 3. Bd3 Bg7 4. f4 e6 5. Nf3 b6 6. O-O Ba6 7. Bxa6 Nxa6 8. c3
c5 9. Nbd2 O-O 10. b3 Rc8 11. Bb2 d5 12. Ne5 Nb8 13. Qf3 Nfd7 14. Rac1 Bxe5 15.
fxe5 f5 16. exf6 Rxf6 17. Qh3 Qe7 18. c4 Rxf1+ 19. Rxf1 Nc6 20. a3 cxd4 21.
exd4 Rf8 22. Re1 e5 23. cxd5 Qf7 24. Qe6 Nxd4 25. Bxd4 exd4 26. Nf3 Nf6 27. d6
d3 28. Qxf7+ Rxf7 29. Ne5 Rb7 30. Kf2 Nd7 31. Nxd3 Nc5 32. Ne5 Kg7 33. b4 Nd7
34. Nc6 Kf6 35. Re7 a6 36. Ne5 Nxe5 37. Rxb7 Ke6 38. Rxb6 a5 39. bxa5 Nc4 40.
Rb5 Kxd6 41. a6 Kc6 42. a7 1-0

[Event "C.to Provinciale UD 2007"]
[Site "Udine ITA"]
[Date "2006.12.08"]
[Round "4"]
[White "Zuttioni, Federico"]
[Black "Redo, Stefano"]
[Result "0-1"]
[WhiteElo "1626"]
[BlackElo "1931"]
[PlyCount "74"]
[EventDate "2006.12.02"]

1. e4 c5 2. Nf3 e6 3. d3 Nc6 4. g3 Nge7 5. Bg2 d5 6. Nbd2 Ng6 7. O-O Be7 8. Re1
O-O 9. h4 f5 10. e5 Bd7 11. Qe2 Be8 12. Ng5 Nd4 13. Qd1 f4 14. c3 fxg3 15. fxg3
Bxg5 16. cxd4 Bh6 17. dxc5 Ne7 18. Nf3 Bxc1 19. Rxc1 Bh5 20. d4 Nf5 21. Kh2
Nxd4 22. Qxd4 Bxf3 23. Bxf3 Rxf3 24. Qg4 Rf2+ 25. Kg1 Rf5 26. b4 Qc7 27. Qd4
Raf8 28. Rc3 g5 29. hxg5 Rxg5 30. a4 Qg7 31. Kg2 Rg4 32. Qd2 Rxb4 33. c6 bxc6
34. Rxc6 Qg4 35. Rxe6 Rd4 36. Qb2 Rd3 37. Rf6 Qxg3+ 0-1

[Event "C.to Provinciale UD 2007"]
[Site "Udine ITA"]
[Date "2006.12.09"]
[Round "5"]
[White "Lagomarsino, Piero"]
[Black "Cerretelli, Roberto"]
[Result "1/2-1/2"]
[WhiteElo "1545"]
[BlackElo "1557"]
[PlyCount "45"]
[EventDate "2006.12.02"]

1. e4 g6 2. d4 Bg7 3. Be3 d6 4. Nc3 Nc6 5. Bc4 e5 6. d5 Nce7 7. Nge2 f5 8. f4
fxe4 9. Nxe4 Nf5 10. Bf2 h6 11. fxe5 Bxe5 12. O-O Nf6 13. Nxf6+ Qxf6 14. Bd4
Qg5 15. Bf2 O-O 16. c3 Ne3 17. Bxe3 Qxe3+ 18. Kh1 Bg4 19. Qd3 Qg5 20. Ng3 Bxg3
21. Qxg3 Rae8 22. h3 Rxf1+ 23. Rxf1 1/2-1/2

[Event "C.to Provinciale UD 2007"]
[Site "Udine ITA"]
[Date "2006.12.09"]
[Round "5"]
[White "Menon, Michele"]
[Black "Santacroce, Fidel"]
[Result "1-0"]
[WhiteElo "1684"]
[BlackElo "1643"]
[PlyCount "55"]
[EventDate "2006.12.02"]

1. Nf3 d5 2. g3 c5 3. Bg2 Nc6 4. d3 e5 5. O-O Nf6 6. Nbd2 Be7 7. b3 a5 8. Bb2
Qc7 9. e4 d4 10. c3 h5 11. cxd4 Nxd4 12. Nxd4 cxd4 13. Rc1 Qb8 14. h3 Be6 15.
f4 exf4 16. gxf4 Qa7 17. f5 Bc8 18. Qc2 O-O 19. Qc4 Rd8 20. e5 Nh7 21. Ne4 b5
22. Qc2 Bb7 23. f6 Bb4 24. fxg7 Bxe4 25. Bxe4 Rac8 26. Bxh7+ Kxh7 27. Qf2 Bc3
28. Bxc3 1-0

[Event "C.to Provinciale UD 2007"]
[Site "Udine ITA"]
[Date "2006.12.09"]
[Round "5"]
[White "Muradore, Aldo"]
[Black "Di Tomaso, Fausto"]
[Result "0-1"]
[WhiteElo "1589"]
[BlackElo "1601"]
[PlyCount "64"]
[EventDate "2006.12.02"]

1. Nf3 Nf6 2. c4 g6 3. d4 Bg7 4. Nc3 d6 5. Rb1 O-O 6. e4 c6 7. Be2 b6 8. O-O a5
9. Bg5 h6 10. Be3 Ng4 11. Bd2 Nf6 12. Qc1 Kh7 13. h3 Ng8 14. Bd3 e5 15. dxe5
dxe5 16. Be2 Nd7 17. Rd1 Qc7 18. b4 Ba6 19. bxa5 bxa5 20. Be3 Rab8 21. Rxb8
Rxb8 22. Qc2 Bf8 23. Rb1 Rxb1+ 24. Qxb1 Bc5 25. Bxc5 Nxc5 26. Nd2 Nf6 27. f3
Nfd7 28. Nb3 Ne6 29. g3 Nd4 30. Kf2 Qb6 31. Kf1 Nxe2 32. Kxe2 Bxc4+ 0-1

[Event "C.to Provinciale UD 2007"]
[Site "Udine ITA"]
[Date "2006.12.09"]
[Round "5"]
[White "Paiaro, Solivano"]
[Black "Gentile, Bruno"]
[Result "0-1"]
[WhiteElo "1320"]
[BlackElo "1410"]
[PlyCount "114"]
[EventDate "2006.12.02"]

1. e4 e5 2. Nf3 Nf6 3. Nc3 Nc6 4. Bc4 h6 5. b3 Be7 6. Bb2 d6 7. a4 O-O 8. O-O
Bg4 9. h3 Bh5 10. Ba3 Nh7 11. b4 Ng5 12. Be2 Bxf3 13. Bxf3 Nd4 14. Bg4 f5 15.
exf5 Nxf5 16. Bxf5 Rxf5 17. Qg4 Qd7 18. b5 Nf3+ 19. Kh1 Ng5 20. Nd5 Raf8 21.
Kg1 c6 22. bxc6 bxc6 23. Ne3 Nf3+ 24. Kh1 Nxd2 25. Nxf5 Qxf5 26. Qxf5 Rxf5 27.
Rfd1 Rxf2 28. Bb4 Ne4 29. c3 c5 30. Ba5 Rf8 31. Re1 d5 32. c4 Bh4 33. Re3 Ng3+
34. Kh2 Nf1+ 35. Rxf1 Rxf1 36. cxd5 Bg5 37. Re2 Rd1 38. Bc7 Rxd5 39. Bxe5 Rxe5
40. Rxe5 Bf4+ 41. Kg1 Bxe5 42. Kf2 Kf7 43. Ke3 Ke6 44. Kd3 Kd5 45. g4 g6 46. h4
a5 47. h5 g5 48. Kc2 Kd4 49. Kd2 c4 50. Kc2 Bf4 51. Kb2 Kd3 52. Ka3 c3 53. Kb3
c2 54. Kb2 Kd2 55. Kb3 c1=Q 56. Ka2 Qc2+ 57. Ka1 Be5# 0-1

[Event "C.to Provinciale UD 2007"]
[Site "Udine ITA"]
[Date "2006.12.09"]
[Round "5"]
[White "Prenassi, Davide"]
[Black "Muzzolini, Claudio"]
[Result "0-1"]
[WhiteElo "1614"]
[BlackElo "1772"]
[PlyCount "48"]
[EventDate "2006.12.02"]

1. d4 Nf6 2. c4 d5 3. Nc3 e6 4. cxd5 exd5 5. Bg5 Be7 6. e3 c6 7. Qc2 Bg4 8. Bd3
Nbd7 9. Nge2 h6 10. Bh4 Qa5 11. O-O a6 12. a3 Rc8 13. b4 Qd8 14. Rfc1 Nb6 15.
Qb3 Ne4 16. Bxe7 Qxe7 17. Bxe4 dxe4 18. Ng3 Be6 19. Qc2 f5 20. Qe2 O-O 21. Nh5
Qf7 22. Nf4 Bc4 23. Qd1 Rcd8 24. Rc2 Bb3 0-1

[Event "C.to Provinciale UD 2007"]
[Site "Udine ITA"]
[Date "2006.12.09"]
[Round "5"]
[White "Redo, Stefano"]
[Black "Orsatti, Marcello"]
[Result "1-0"]
[WhiteElo "1931"]
[BlackElo "1770"]
[PlyCount "140"]
[EventDate "2006.12.02"]

1. e4 d6 2. d4 Nf6 3. Nd2 c6 4. Ngf3 Bg4 5. Bd3 e6 6. h3 Bxf3 7. Nxf3 d5 8. e5
Nfd7 9. O-O c5 10. c4 Nb6 11. cxd5 Nxd5 12. Qe2 Nd7 13. Bd2 a6 14. Rac1 Be7 15.
a3 Qb6 16. Rfe1 cxd4 17. b4 O-O 18. Qe4 g6 19. Nxd4 Rfc8 20. Bc4 Rd8 21. Nf3
Nc7 22. Be3 Qc6 23. Qf4 Qa4 24. Ra1 Rac8 25. Nd2 Qc2 26. Bb3 Qf5 27. Qxf5 gxf5
28. Nc4 b5 29. Nb6 Rb8 30. Rac1 Ne8 31. Nxd7 Rxd7 32. Rc6 Rd3 33. Rb1 Ra8 34.
Kf1 a5 35. Ke2 Rdd8 36. Bb6 Rdc8 37. Rxc8 Rxc8 38. Bxa5 Rc6 39. a4 bxa4 40.
Bxa4 Rc8 41. Bd7 Rb8 42. b5 Bd8 43. Bxd8 Rxd8 44. b6 Rxd7 45. b7 Rxb7 46. Rxb7
Kf8 47. Ke3 Kg7 48. Kf4 Kg6 49. Re7 Ng7 50. g4 h5 51. f3 fxg4 52. fxg4 hxg4 53.
hxg4 f6 54. exf6 Kxf6 55. Ra7 Ne8 56. g5+ Kg6 57. Re7 Ng7 58. Kg4 Kh7 59. Kf3
Kg6 60. Kg4 Kh7 61. Rf7 Kg6 62. Rf6+ Kh7 63. Kf4 Nh5+ 64. Ke5 Ng7 65. Rh6+ Kg8
66. Kf6 Nf5 67. Rg6+ Kh7 68. Kf7 e5 69. Re6 e4 70. g6+ Kh6 1-0

[Event "C.to Provinciale UD 2007"]
[Site "Udine ITA"]
[Date "2006.12.09"]
[Round "5"]
[White "Rorato, Giovanni Riccardo"]
[Black "Bizzoco, Vito"]
[Result "1/2-1/2"]
[WhiteElo "2039"]
[BlackElo "1733"]
[PlyCount "74"]
[EventDate "2006.12.02"]

1. Nf3 d5 2. c4 c6 3. g3 Nf6 4. Bg2 Bg4 5. Ne5 Bh5 6. cxd5 Nxd5 7. O-O Nd7 8.
Nd3 e6 9. Nc3 Be7 10. Re1 O-O 11. Qc2 Bg6 12. e4 N5b6 13. Nf4 e5 14. Nxg6 hxg6
15. Rd1 Bc5 16. d3 Nf6 17. h3 Bd4 18. Ne2 c5 19. Nxd4 cxd4 20. Bg5 Rc8 21. Qd2
Qd6 22. f4 Nfd7 23. fxe5 Nxe5 24. Bf4 Rc5 25. Rac1 Rfc8 26. Rxc5 Rxc5 27. Qb4
f6 28. Kh2 a5 29. Qa3 Qc6 30. b4 Rc3 31. Qxa5 Nxd3 32. e5 Rc2 33. Rd2 Rxd2 34.
Bxd2 Qe6 35. exf6 Qxf6 36. Qb5 Ne5 37. a4 Nf3+ 1/2-1/2

[Event "C.to Provinciale UD 2007"]
[Site "Udine ITA"]
[Date "2006.12.10"]
[Round "6"]
[White "Bizzoco, Vito"]
[Black "Zuttioni, Federico"]
[Result "1-0"]
[WhiteElo "1733"]
[BlackElo "1626"]
[PlyCount "95"]
[EventDate "2006.12.02"]

1. d4 d5 2. c4 e5 3. dxe5 d4 4. Nf3 Nc6 5. g3 Be6 6. Nbd2 Qd7 7. Bg2 Bb4 8. Qb3
a5 9. O-O a4 10. Qd3 f6 11. exf6 Nxf6 12. Ne4 O-O-O 13. Nxf6 gxf6 14. Bf4 Rhe8
15. Qd1 Bxc4 16. Qxa4 Ba6 17. Rfc1 Bd6 18. Nxd4 Nxd4 19. Qxd4 Bxf4 20. Qxf4 Qd6
21. Qxd6 Rxd6 22. Bh3+ Kb8 23. e3 Rd2 24. Rd1 Rxb2 25. Rd7 h5 26. Bf1 Kc8 27.
Rf7 Bxf1 28. Kxf1 Re6 29. h4 Rd6 30. Kg2 c5 31. a4 c4 32. Rc1 Rc6 33. Rh7 Rc5
34. Rh6 c3 35. Rxf6 c2 36. Rh6 Rb1 37. Rxc2 Rxc2 38. Rxh5 Kd7 39. Rf5 Ke6 40.
Rf4 Rb6 41. g4 Rc5 42. g5 Rf5 43. Re4+ Kd5 44. Rd4+ Ke6 45. f4 Rd6 46. Re4+ Kf7
47. Kf3 Kg6 48. Kg4 1-0

[Event "C.to Provinciale UD 2007"]
[Site "Udine ITA"]
[Date "2006.12.10"]
[Round "6"]
[White "Di Tomaso, Fausto"]
[Black "Canciani, Sardo"]
[Result "0-1"]
[WhiteElo "1601"]
[BlackElo "1547"]
[PlyCount "106"]
[EventDate "2006.12.02"]

1. d4 e6 2. c4 f5 3. Nf3 Nf6 4. Nc3 Be7 5. g3 d5 6. b3 c6 7. Bg2 O-O 8. O-O Na6
9. a3 Nc7 10. c5 a6 11. Na4 Bd7 12. Nb6 Rb8 13. Nxd7 Nxd7 14. Bf4 g5 15. Bxc7
Qxc7 16. Qd2 h6 17. h3 Bf6 18. e3 Rbe8 19. b4 e5 20. Rae1 exd4 21. Nxd4 Bxd4
22. exd4 Nf6 23. Rxe8 Rxe8 24. Re1 Qd7 25. Rxe8+ Qxe8 26. Qe3 Qxe3 27. fxe3 Ne4
28. Bxe4 fxe4 29. Kf2 Kf7 30. Ke2 Ke7 31. Kd2 Kd7 32. Kc3 Kc7 33. Kb3 b6 34.
cxb6+ Kxb6 35. Ka4 h5 36. Kb3 Kb5 37. a4+ Kb6 38. Ka3 Kc7 39. Kb3 Kb6 40. Kc3
Kc7 41. b5 cxb5 42. axb5 axb5 43. Kb3 Kb7 44. Ka3 Ka6 45. Kb4 Kb6 46. Kb3 Ka5
47. g4 hxg4 48. hxg4 b4 49. Kb2 Ka4 50. Ka2 b3+ 51. Ka1 Ka3 52. Kb1 b2 53. Kc2
Ka2 0-1

[Event "C.to Provinciale UD 2007"]
[Site "Udine ITA"]
[Date "2006.12.10"]
[Round "6"]
[White "Lagomarsino, Piero"]
[Black "Paiaro, Solivano"]
[Result "1-0"]
[WhiteElo "1545"]
[BlackElo "1320"]
[PlyCount "81"]
[EventDate "2006.12.02"]

1. e4 Nf6 2. e5 Nd5 3. c4 Nb6 4. d4 d6 5. f4 Bf5 6. Nf3 h6 7. Bd3 Qd7 8. Nc3 c6
9. O-O a6 10. Be3 Bg4 11. Qb3 Qc7 12. Rae1 N8d7 13. a4 a5 14. h3 Bxf3 15. Rxf3
e6 16. f5 Be7 17. fxe6 fxe6 18. Bg6+ Kd8 19. Kh1 Nf8 20. Bd3 Nbd7 21. exd6 Bxd6
22. c5 Be7 23. Bf4 Qc8 24. Bc4 Ng6 25. Bg3 Nh4 26. Bxh4 Bxh4 27. Rxe6 Nf6 28.
Rd6+ Kc7 29. Be6 Qe8 30. Qb6+ Kb8 31. Qb3 Ka7 32. Qc4 Rd8 33. d5 Rxd6 34. cxd6
Nxd5 35. Bxd5 cxd5 36. Qxh4 Qd7 37. Qd4+ b6 38. Nb5+ Kb7 39. Qxd5+ Ka6 40. Rf7
Qd8 41. Ra7# 1-0

[Event "C.to Provinciale UD 2007"]
[Site "Udine ITA"]
[Date "2006.12.10"]
[Round "6"]
[White "Muzzolini, Claudio"]
[Black "Redo, Stefano"]
[Result "1-0"]
[WhiteElo "1772"]
[BlackElo "1931"]
[PlyCount "91"]
[EventDate "2006.12.02"]

1. e4 c5 2. Nf3 e6 3. d4 cxd4 4. Nxd4 a6 5. Nc3 Qc7 6. Bd3 b5 7. O-O Bb7 8. Be3
Nf6 9. f3 Bd6 10. f4 Bc5 11. e5 Nd5 12. Nxd5 Bxd5 13. Qe2 h5 14. a4 b4 15. Qf2
Qa7 16. Rae1 Rf8 17. Nf5 Bxe3 18. Nxg7+ Kd8 19. Rxe3 Rg8 20. Rg3 Rh8 21. f5 Nc6
22. Re1 Qxf2+ 23. Kxf2 h4 24. Rg5 Nxe5 25. fxe6 Nxd3+ 26. cxd3 dxe6 27. Nh5 Rc8
28. Nf4 Bb3 29. a5 Kd7 30. Ke3 Kd6 31. d4 Rh6 32. Nd3 Rb8 33. Rc1 Bd5 34. Rc5
Rg6 35. Rxg6 fxg6 36. Ne5 Bxg2 37. Nxg6 h3 38. Nf4 Bd5 39. Nxh3 Rh8 40. Nf2
Rxh2 41. Rc2 Rh8 42. Nd3 Rh3+ 43. Ke2 Rh2+ 44. Nf2 Bb3 45. Rc5 Ba4 46. Ke3 1-0

[Event "C.to Provinciale UD 2007"]
[Site "Udine ITA"]
[Date "2006.12.10"]
[Round "6"]
[White "Orsatti, Marcello"]
[Black "Menon, Michele"]
[Result "0-1"]
[WhiteElo "1770"]
[BlackElo "1684"]
[PlyCount "68"]
[EventDate "2006.12.02"]

1. c4 g6 2. Nc3 Bg7 3. g3 d6 4. Bg2 Nf6 5. d3 c6 6. e4 Qb6 7. h3 O-O 8. Na4 Qc7
9. Ne2 Nbd7 10. O-O Rb8 11. Nac3 b5 12. cxb5 cxb5 13. a3 a5 14. Be3 b4 15. axb4
Rxb4 16. Qd2 Nc5 17. Bxc5 Qxc5 18. Rfc1 Qb6 19. Na4 Qb8 20. Rc2 Be6 21. Nac3 a4
22. Na2 Rb6 23. Nd4 Bb3 24. Rc6 Bxa2 25. Rxa2 Nd7 26. Rxb6 Qxb6 27. Ne2 Nc5 28.
Nc3 Qb4 29. Qc2 Qb3 30. Qd2 Bxc3 31. bxc3 Qb1+ 32. Bf1 Nxd3 33. Rxa4 Nc5 34. e5
Nxa4 0-1

[Event "C.to Provinciale UD 2007"]
[Site "Udine ITA"]
[Date "2006.12.10"]
[Round "6"]
[White "Santacroce, Fidel"]
[Black "Prenassi, Davide"]
[Result "1-0"]
[WhiteElo "1643"]
[BlackElo "1614"]
[PlyCount "45"]
[EventDate "2006.12.02"]

1. e4 e5 2. Nf3 Nc6 3. Bc4 Nf6 4. d3 Be7 5. Nc3 O-O 6. O-O d6 7. h3 Na5 8. Bb3
c6 9. Bg5 Nxb3 10. axb3 Nd5 11. Bxe7 Nxe7 12. d4 Ng6 13. dxe5 dxe5 14. Qxd8
Rxd8 15. Rfd1 Be6 16. Rxd8+ Rxd8 17. Rxa7 Rb8 18. Kf1 f6 19. Na4 Kf7 20. Nc5
Bc8 21. h4 h5 22. c4 Ke7 23. Na6 1-0

[Event "C.to Provinciale UD 2007"]
[Site "Udine ITA"]
[Date "2006.12.10"]
[Round "6"]
[White "Venuti, Federico"]
[Black "Rorato, Giovanni Riccardo"]
[Result "0-1"]
[WhiteElo "1601"]
[BlackElo "2039"]
[PlyCount "53"]
[EventDate "2006.12.02"]

1. d4 Nf6 2. e3 g6 3. Bd3 Bg7 4. Nf3 O-O 5. O-O d6 6. b3 c5 7. c3 Nc6 8. Bb2
Bg4 9. h3 Bd7 10. Re1 Nh5 11. Nbd2 Rc8 12. Rb1 b6 13. d5 Nb8 14. c4 a6 15. Bxg7
Kxg7 16. e4 Nf4 17. Bf1 e5 18. dxe6 Bxe6 19. Qc2 Nc6 20. Rbd1 Qf6 21. Qb1 a5
22. a3 Rfd8 23. Qa1 Qxa1 24. Rxa1 Ne5 25. Nxe5 dxe5 26. Nf3 f6 27. Rad1 {...}
0-1

[Event "C.to Provinciale UD 2007"]
[Site "Udine ITA"]
[Date "2006.12.10"]
[Round "6"]
[White "Viola, Enrico"]
[Black "Gentile, Bruno"]
[Result "1-0"]
[WhiteElo "1431"]
[BlackElo "1410"]
[PlyCount "33"]
[EventDate "2006.12.02"]

1. e4 e5 2. Nf3 Nf6 3. Nxe5 d6 4. Nf3 Nxe4 5. d4 Be7 6. Bd3 Nf6 7. O-O O-O 8.
Re1 Nc6 9. c3 Ne8 10. d5 Nb8 11. Qe2 Bf6 12. Qe4 g6 13. Bh6 Ng7 14. Qf4 Nd7 15.
Nbd2 Nh5 16. Qe3 Re8 17. Qxe8+ 1-0

[Event "IX Weekend B"]
[Site "Porto Sant'Elpidio ITA"]
[Date "2006.11.18"]
[Round "1"]
[White "Areni, Matteo"]
[Black "Ragnini, Damiano"]
[Result "1/2-1/2"]
[WhiteElo "1434"]
[BlackElo "1580"]
[PlyCount "111"]
[EventDate "2006.11.18"]

1. e4 c5 2. Nf3 Nc6 3. d4 cxd4 4. Nxd4 Nf6 5. Nxc6 bxc6 6. Nc3 e5 7. Bd2 Bb4 8.
Bd3 O-O 9. O-O Bb7 10. a3 Bxc3 11. Bxc3 d6 12. Qd2 Nh5 13. g3 Qd7 14. Be2 Nf6
15. Bf3 h6 16. Rad1 Qh3 17. Qxd6 Nh7 18. Qxe5 f6 19. Qf5 Qxf5 20. exf5 Ng5 21.
Bg2 Ba6 22. Rfe1 Bb5 23. h4 Nf7 24. b3 Rac8 25. a4 Ba6 26. Rd7 Rb8 27. Rxa7 Bc8
28. g4 c5 29. Ree7 c4 30. Bd5 cxb3 31. Bxb3 Rxb3 32. cxb3 h5 33. gxh5 Bxf5 34.
a5 Bg4 35. h6 Bh5 36. hxg7 Kxg7 37. Rab7 Rc8 38. Rec7 Rd8 39. a6 Rd1+ 40. Kg2
Rd3 41. Rxf7+ Bxf7 42. a7 Rd1 43. Rb8 Rd7 44. a8=Q Bd5+ 45. Qxd5 Rxd5 46. Kf3
Rc5 47. Bd4 Rd5 48. Ke4 Rh5 49. b4 Rxh4+ 50. Kd5 Kf7 51. Bxf6 Kxf6 52. b5 Ke7
53. Kc6 Rc4+ 54. Kb6 Kd7 55. Rb7+ Kd6 56. Rb8 1/2-1/2

[Event "IX Weekend B"]
[Site "Porto Sant'Elpidio ITA"]
[Date "2006.11.18"]
[Round "1"]
[White "Cardola, Luca"]
[Black "Morelli, Basilio"]
[Result "1/2-1/2"]
[WhiteElo "1700"]
[BlackElo "1467"]
[PlyCount "100"]
[EventDate "2006.11.18"]

1. e4 c5 2. Nf3 d6 3. d4 cxd4 4. Nxd4 a6 5. Nc3 Nf6 6. Bg5 e6 7. f4 Be7 8. Qf3
b5 9. e5 Nd5 10. Nxd5 exd5 11. Qxd5 Ra7 12. Bxe7 Qxe7 13. Qxd6 Qxd6 14. exd6
Rd7 15. O-O-O Rxd6 16. c3 O-O 17. Re1 b4 18. Bc4 bxc3 19. bxc3 Nc6 20. Nf3 Na5
21. Bb3 Nxb3+ 22. axb3 Rd3 23. Kb2 Rfd8 24. Re7 Kf8 25. Rhe1 Be6 26. Ra7 Rb8
27. b4 Rd6 28. Nd4 Re8 29. f5 Bc4 30. Rxe8+ Kxe8 31. Rc7 Bf1 32. g3 Bh3 33. Ka3
Rd7 34. Rxd7 Kxd7 35. Ka4 Bf1 36. Ka5 Kd6 37. Nb3 Kd5 38. Nc5 Kc4 39. Kxa6
Kxc3+ 40. b5 Kb4 41. Kb6 Bxb5 42. Ne4 Bd3 43. Nd6 Bc4 44. Kc7 Kc5 45. Nxc4 Kxc4
46. Kd6 Kd4 47. Ke7 Ke5 48. Kxf7 Kxf5 49. Kxg7 h5 50. Kh6 Kg4 1/2-1/2